Accounting : for corporate combinations and Associations. (Record no. 3182)

000 -LEADER
fixed length control field 00797pam a2200289 a 4500
001 - CONTROL NUMBER
control field 2437908
003 - CONTROL NUMBER IDENTIFIER
control field OSt
005 - DATE AND TIME OF LATEST TRANSACTION
control field 20160906162603.0
008 - FIXED-LENGTH DATA ELEMENTS--GENERAL INFORMATION
fixed length control field 880729s1989 ilua 001 0 eng
010 ## - LIBRARY OF CONGRESS CONTROL NUMBER
LC control number 88025621
020 ## - INTERNATIONAL STANDARD BOOK NUMBER
International Standard Book Number 9781741033700
040 ## - CATALOGING SOURCE
Original cataloging agency DLC
Transcribing agency DLC
Modifying agency DLC
050 00 - LIBRARY OF CONGRESS CALL NUMBER
Classification number HF5635.A78 2008
082 00 - DEWEY DECIMAL CLASSIFICATION NUMBER
Classification number 657/.042
Edition number 19
100 1# - MAIN ENTRY--PERSONAL NAME
Personal name Arthur, Neal
245 10 - TITLE STATEMENT
Title Accounting : for corporate combinations and Associations.
Statement of responsibility, etc Neal Arthur...[et al]
250 ## - EDITION STATEMENT
Edition statement 6th edition
260 ## - PUBLICATION, DISTRIBUTION, ETC. (IMPRINT)
Place of publication, distribution, etc Australia :
Name of publisher, distributor, etc Pearson,
Date of publication, distribution, etc c2008.
300 ## - PHYSICAL DESCRIPTION
Extent xii, 732 p. :
Other physical details ill. ;
Dimensions 24 cm.
500 ## - GENERAL NOTE
General note Includes index.
650 #0 - SUBJECT ADDED ENTRY--TOPICAL TERM
Topical term or geographic name as entry element Accounting.
700 1# - ADDED ENTRY--PERSONAL NAME
Personal name Grose, Robert
700 1# - ADDED ENTRY--PERSONAL NAME
Personal name Luff, Louise
700 1# - ADDED ENTRY--PERSONAL NAME
Personal name Campbell, Joy
906 ## - LOCAL DATA ELEMENT F, LDF (RLIN)
a 7
b cbc
c orignew
d 1
e ocip
f 19
g y-gencatlg
942 ## - ADDED ENTRY ELEMENTS (KOHA)
Source of classification or shelving scheme
Koha item type Book
Holdings
Withdrawn status Lost status Source of classification or shelving scheme Damaged status Not for loan Home library Current library Shelving location Date acquired Total Checkouts Full call number Barcode Date last seen Copy number Price effective from Koha item type
          Riara University Library Riara University Library General stack 06/09/2016   HF5635.A78 2008 7718/16 06/09/2016 C.1 06/09/2016 Book
          Riara University Library Riara University Library General stack 11/10/2016   HF5635.A78 2008 8311/16 11/10/2016 C.2 11/10/2016 Book

Riara University Library,
P.O. Box 49940-00100,
Nairobi, Kenya.